000 00685npc a2200205Ia 4500
001 dd1-386 [d000000284]
003 IT-MiCISF
008 161014s9999||||xx | und||
040 _aIT-MiCISF
_cIT-MiCISF
041 _ait
100 _aGiarola Arturo
245 0 _aNon solo curare ma prevenire
_bContributo programmatico ai consultori familiari e alle unità socio-sanitarie
250 _a1a ed.
260 _a Milano
_bIstituto "La casa"
_c1982
300 _ap. 87
500 _a / consultori, consulenti, sessualità, fecondità, sterilità, consulenza, periodo-perinatale, gravidanza /
650 _aconsulenza-familiare
942 _cDD
957 _71
999 _a386
_bsi
_g1
_c208319
_d208319